LEADER 00956nam0-22002891i-450- 001 990004341770403321 005 20050322092827.0 010 $a0-471-16750-9 035 $a000434177 035 $aFED01000434177 035 $a(Aleph)000434177FED01 035 $a000434177 100 $a19990604d1971----km-y0itay50------ba 101 0 $aita 105 $ay-------001yy 200 1 $a<>EMERGENCE of British parliamentary democracy in the Nineteenth century$ethe passing of the reform acts of 1832, 1867, and 1884-1885$fedited by J. B. Conacher 210 $aNew York , London$cWiley$dc1971. 215 $aXIV, 182 p.$d22 cm 676 $a328.42$v21$zita 702 1$aConacher,$bJ. B. 801 0$aIT$bUNINA$gRICA$2UNIMARC 901 $aBK 912 $a990004341770403321 952 $a328.42 CON 1$bI.st.r.c.4879$fFLFBC 959 $aFLFBC 996 $aEMERGENCE of British parliamentary democracy in the Nineteenth century$9486363 997 $aUNINA LEADER 01155nam0-2200313---450- 001 990008822920403321 005 20090311170430.0 035 $a000882292 035 $aFED01000882292 035 $a(Aleph)000882292FED01 035 $a000882292 100 $a20090311d2005----km-y0itay50------ba 101 0 $aita 105 $aa-------101yy 200 1 $aAzionamenti elettrici$eevoluzione tecnologica e problematiche emergenti$e16. seminario interattivo$eraccolta degli atti$eBressanone (BZ) 7-9 marzo 2005$fAssociazione nazionale azionamenti elettrici 210 $a[s.l.$cs.n.]$dstampa 2005$eNapoli$gLitografia Nicola Libero 215 $a2 v.$cill.$d21 cm 610 0 $aAzionamenti elettrici$aSeminari 676 $a621.310'42 710 12$aSeminario interattivo su azionamenti elettrici$d<16. ;$f2005 ;$eBressanone, Italia>$0505070 711 02$aAssociazione nazionale azionamenti elettrici$0319478 801 0$aIT$bUNINA$gRICA$2UNIMARC 901 $aBK 912 $a990008822920403321 952 $a10 PRO 524/1$bS.I.$fDINEL 952 $a10 PRO 524/2$bS.I.$fDINEL 959 $aDINEL 996 $aAzionamenti elettrici$9806934 997 $aUNINA LEADER 01037nam2-2200373---450- 001 990006153930203316 005 20160617143548.0 010 $a980-01-0554-9 035 $a000615393 035 $aUSA01000615393 035 $a(ALEPH)000615393USA01 035 $a000615393 100 $a20160513d1996----km-y0itay50------ba 101 $aspa 102 $aVE 105 $a||||||||001yy 200 1 $a<> jazz y la ciudad$fRafael López-Sanz$gprólogo Alfredo Chacón 205 $a2. ed. 210 $aCaracas$cMonte Avila$d1996 215 $a109 p.$d20 cm 225 2 $aESTUDIOS. Serie Sociales$v1 410 0$1001000615363$aESTUDIOS. Serie Sociales$v, 1 606 0 $aJazz$2BNCF 676 $a781.65 700 1$aLÓPEZ-SANZ,$bRafael$0716234 702 $aCHACÓN,$bAlfredo 801 0$aIT$bsalbc$gISBD 912 $a990006153930203316 951 $aVI.7. COLL.37/ 1$b581 ISLA 959 $aBK 969 $aUMA 979 $aMARANO$b90$c20160617$lUSA01$h1435 996 $aJazz y la ciudad$91387464 997 $aUNISA